[Event "GRE-ch U14 Girls"]
[Site "Rio Achaia"]
[Date "2018.07.08"]
[Round "8"]
[White "Alexantonaki, Anna"]
[Black "Pessiridi, Christiana"]
[Result "1/2-1/2"]
[WhiteElo "1020"]
[BlackElo "1013"]
[PlyCount "60"]
[EventDate "2018.07.03"]
[EventType "swiss"]
[EventRounds "9"]
[EventCountry "GRE"]
[SourceTitle "EXT 2019"]
[Source "ChessBase"]
[SourceDate "2018.10.10"]
[SourceVersion "1"]
[SourceVersionDate "2018.10.10"]
[SourceQuality "1"]

1. e4 e5 2. Nf3 Nc6 3. Bc4 Nf6 4. Ng5 Bc5 5. 0-0 0-0 6. Nc3 d6 7. Nf3 Be6 8. Be2 Nd4 9. d3 Nxe2+ 10. Qxe2 h6 11. h3 Nh5 12. Kh2 Nf4 13. Bxf4 exf4 14. Na4 Re8 15. Nxc5 dxc5 16. Qd2 Qf6 17. c3 Rad8 18. a3 Bc4 19. Ne1 Rxe4 20. Qc2 Bxd3 21. Nxd3 Qd6 22. Rad1 f3+ 23. Kg1 fxg2 24. Kxg2 Qg6+ 25. Kh2 Qd6+ 26. Kg2 Qg6+ 27. Kh2 Qd6+ 28. Kg2 Qg6+ 29. Kh2 Qd6+ 30. Kg2 Qg6+ 1/2-1/2

[Event "GRE-ch U14 Girls"]
[Site "Rio Achaia"]
[Date "2018.07.04"]
[Round "2"]
[White "Koutsouraki, Ariadni"]
[Black "Alexantonaki, Anna"]
[Result "1-0"]
[WhiteElo "1382"]
[BlackElo "1020"]
[PlyCount "47"]
[EventDate "2018.07.03"]
[EventType "swiss"]
[EventRounds "9"]
[EventCountry "GRE"]
[SourceTitle "EXT 2019"]
[Source "ChessBase"]
[SourceDate "2018.10.10"]
[SourceVersion "1"]
[SourceVersionDate "2018.10.10"]
[SourceQuality "1"]

1. e4 c5 2. Nf3 d6 3. d4 cxd4 4. Nxd4 Nf6 5. Nc3 g6 6. Bd3 Bg7 7. Nb3 0-0 8. 0-0 Nc6 9. h3 a6 10. a3 Be6 11. Be3 Qd7 12. Kh2 Rac8 13. f4 Bg4 14. Qe1 Be6 15. Rb1 Rfd8 16. Na4 Qc7 17. Bb6 Qb8 18. Bxd8 Rxd8 19. Nc3 d5 20. exd5 Nxd5 21. Nxd5 Rxd5 22. Bc4 Rd6 23. Bxe6 Rxe6 24. Qg3 1-0